Clones place of death - Statistics

General Stats
  • This quiz has been taken 22 times
    20 since last reset
  • The average score is 21 of 69
Answer Stats
Planet/Location Name % Correct
Umbara Hardcase
87%
Coruscant Fives
80%
Kashyyyk Gree
80%
Rishi Moon Hevy
80%
Space Ponds
73%
Rishi Moon Cutup
67%
Unknown Moon Jesse
67%
Kamino Tup
67%
Umbara Waxer
67%
Ryloth Keeli
60%
Kamino 99
53%
Rishi Moon Droidbait
53%
Rishi Moon O'Niner
53%
Mandalore Vaughn
53%
Kamino Colt
47%
Kashyyyk Jek
47%
Coruscant Fox
40%
Kamino Havoc
40%
Vassek Niner
40%
Umbara Oz
40%
Umbara Ringo
40%
Eriadu Tech
40%
Vassek Bel
33%
Geonosis Buzz
33%
Lola Sayu Charger
33%
Vassek Fil
33%
Lola Sayu Longshot
33%
Space Matchstick
33%
Rishi Moon Nub
33%
Devaron Trauma
33%
Maridun Cameron
27%
Devaron Denal
27%
Maridun Flash
27%
Geonosis Gearshift
27%
Lothal Gregor
27%
Kaller Grey
27%
Coruscant Kosmos
27%
Maridun Lucky
27%
Ryloth Axe
20%
Pantora Greer
20%
Malastare Hawkeye
20%
Florrum Mack
20%
The Coronet Mixer
20%
Desix Nova
20%
The Coronet Redeye
20%
Space Ridge
20%
Teth Samson
20%
Space Tag
20%
Teth Fireball
13%
Space Killer
13%
Devaron Koho
13%
Teth Nemec
13%
Ryloth Slammer
13%
Ryloth Tucker
13%
Serenno Wilco
13%
Desix Wyler
13%
Kashyyyk Faie
7%
Kaller Kaylon
7%
Kaller Mixx
7%
Kaller Remo
7%
Kaller Soot
7%
Kaller Styles
7%
Space Trap
7%
Coruscant Cade
0%
Brightholme Ding
0%
The Tranquility Green Leader
0%
Brightholme Kicker
0%
Coruscant Slip
0%
Mygeeto Stance
0%
No matching quizzes found
Score Distribution
Percent of People with Each Score
Percentile by Number Answered
Your Score History
You have not taken this quiz since the last reset